Ricardo Moragas : prioridad de su arte, la vida y la obra / por José Artís prioridad de su arte, la vida y la obra / por José Artís
Descripción Física:
54 p., [4] f. de làm. ; 17 cm
Colección:
Investigaciones ; 1
MARC
| LEADER | 00000nam a2200000Ia 4500 | ||
|---|---|---|---|
| 001 | 1251 | ||
| 003 | BGR | ||
| 005 | 20260324180127.0 | ||
| 008 | 160829s1946 xx 000 0 cat d | ||
| 080 | |a B-1-235 | ||
| 100 | |a Artís, Josep |9 20218 | ||
| 245 | |a Ricardo Moragas : |b prioridad de su arte, la vida y la obra / por José Artís | ||
| 260 | |a Barcelona : |b Instituto del Teatro de la Excma. Diputación Provincial de Barcelona, |c 1946 | ||
| 300 | |a 54 p., [4] f. de làm. ; |c 17 cm | ||
| 490 | |a Investigaciones ; 1 | ||
| 590 | |a Prové de S-446, exp. 4 | ||
| 650 | |a Moragas, Ricardo |x Crítica i interpretació |9 47173 | ||
| 710 | 1 | |a Institut del Teatre (Barcelona, Catalunya) |9 52662 | |
| 901 | |a Arxiu | ||
| 942 | |n 1 |2 udc |c MON | ||
| 952 | |0 0 |1 0 |4 0 |6 B1235 |7 1 |9 53718 |a Arxiu |b Arxiu |d 2016-12-01 |l 0 |o B-1-235 |p 1251 |r 2016-12-01 00:00:00 |w 2016-12-01 |y ARXIU | ||
| 999 | |c 57584 |d 57584 | ||